LEADER 05792nam 22007575 450 001 996465630703316 005 20200704235215.0 010 $a3-540-70627-5 024 7 $a10.1007/3-540-61576-8 035 $a(CKB)1000000000234500 035 $a(SSID)ssj0000321926 035 $a(PQKBManifestationID)11937841 035 $a(PQKBTitleCode)TC0000321926 035 $a(PQKBWorkID)10280098 035 $a(PQKB)11643576 035 $a(DE-He213)978-3-540-70627-4 035 $a(PPN)155170740 035 $a(EXLCZ)991000000000234500 100 $a20121227d1996 u| 0 101 0 $aeng 135 $aurnn|008mamaa 181 $ctxt 182 $cc 183 $acr 200 10$aCombinatorics and Computer Science$b[electronic resource] $e8th Franco-Japanese and 4th Franco-Chinese Conference, Brest, France, July 3 - 5, 1995 Selected Papers /$fedited by Michel M. Deza, Reinhardt Euler, Ioannis Manoussakis 205 $a1st ed. 1996. 210 1$aBerlin, Heidelberg :$cSpringer Berlin Heidelberg :$cImprint: Springer,$d1996. 215 $a1 online resource (X, 426 p.) 225 1 $aLecture Notes in Computer Science,$x0302-9743 ;$v1120 300 $aBibliographic Level Mode of Issuance: Monograph 311 $a3-540-61576-8 327 $aEquitable and m-bounded coloring of split graphs -- Four coloring for a subset of maximal planar graphs with minimum degree five -- Enumeration algorithm for the edge coloring problem on bipartite graphs -- On-line recognition of interval graphs in O(m+nlog n) time -- Connected proper interval graphs and the guard problem in spiral polygons -- Weighted connected domination and Steiner trees in distance-hereditary graphs -- On central spanning trees of a graph -- Complete bipartite decompositions of crowns, with applications to complete directed graphs -- Finding an antidirected Hamiltonian path starting with a forward arc from a given vertex of a tournament -- Complementary ?1-graphs and related combinatorial structures -- Double description method revisited -- On skeletons, diameters and volumes of metric polyhedra -- Improving branch and bound for Jobshop scheduling with constraint propagation -- A new efficiently solvable special case of the three-dimensional axial bottleneck assignment problem -- Ramsey numbers by stochastic algorithms with new heuristics -- On the hybrid neural network model for solving optimization problems -- Constructive ? non-constructive approximation and maximum independent set problem -- Weakly greedy algorithm and pair-delta-matroids -- On integer multiflows and metric packings in matroids -- Optimum alphabetic binary trees -- Block codes for dyadic phase shift keying -- Zigzag codes and z-free hulls -- Contiguity orders -- Worst-case analysis for on-line data compression -- Gossiping in cayley graphs by packets -- On embedding 2-dimensional toroidal grids into de Bruijn graphs with clocked congestion one -- N-cube string matching algorithm with long texts -- Combinatorics for multiprocessor scheduling optimization and other contexts in computer architecture -- Some applications of combinatorial optimization in parallel computing -- On the parallel complexity of the alternating Hamiltonian cycle problem -- Threshold graphs and synchronization protocols -- Task assignment in distributed systems using network flow methods -- Distributed rerouting in DCS mesh networks. 330 $aThis book presents a collection of 33 strictly refereed full papers on combinatorics and computer science; these papers have been selected from the 54 papers accepted for presentation at the joint 8th Franco-Japanese and 4th Franco-Chinese Conference on Combinatorics in Computer Science, CCS '96, held in Brest, France in July 1995. The papers included in the book have been contributed by authors from 10 countries; they are organized in sections entitled graph theory, combinatorial optimization, selected topics, and parallel and distributed computing. 410 0$aLecture Notes in Computer Science,$x0302-9743 ;$v1120 606 $aDiscrete mathematics 606 $aComputers 606 $aComputer communication systems 606 $aCombinatorics 606 $aNumerical analysis 606 $aComputer programming 606 $aDiscrete Mathematics$3https://scigraph.springernature.com/ontologies/product-market-codes/M29000 606 $aTheory of Computation$3https://scigraph.springernature.com/ontologies/product-market-codes/I16005 606 $aComputer Communication Networks$3https://scigraph.springernature.com/ontologies/product-market-codes/I13022 606 $aCombinatorics$3https://scigraph.springernature.com/ontologies/product-market-codes/M29010 606 $aNumerical Analysis$3https://scigraph.springernature.com/ontologies/product-market-codes/M14050 606 $aProgramming Techniques$3https://scigraph.springernature.com/ontologies/product-market-codes/I14010 615 0$aDiscrete mathematics. 615 0$aComputers. 615 0$aComputer communication systems. 615 0$aCombinatorics. 615 0$aNumerical analysis. 615 0$aComputer programming. 615 14$aDiscrete Mathematics. 615 24$aTheory of Computation. 615 24$aComputer Communication Networks. 615 24$aCombinatorics. 615 24$aNumerical Analysis. 615 24$aProgramming Techniques. 676 $a004/.01/5116 702 $aDeza$b Michel M$4edt$4http://id.loc.gov/vocabulary/relators/edt 702 $aEuler$b Reinhardt$4edt$4http://id.loc.gov/vocabulary/relators/edt 702 $aManoussakis$b Ioannis$4edt$4http://id.loc.gov/vocabulary/relators/edt 906 $aBOOK 912 $a996465630703316 996 $aCombinatorics and computer science$91501974 997 $aUNISA LEADER 02947oam 2200601Ia 450 001 9910785547403321 005 20190503073405.0 010 $a0-262-30501-1 010 $a1-283-57462-4 010 $a9786613887078 010 $a0-262-30593-3 035 $a(CKB)2670000000237002 035 $a(EBL)3339483 035 $a(SSID)ssj0000711465 035 $a(PQKBManifestationID)12304708 035 $a(PQKBTitleCode)TC0000711465 035 $a(PQKBWorkID)10694149 035 $a(PQKB)10576502 035 $a(MiAaPQ)EBC3339483 035 $a(OCoLC)809047401$z(OCoLC)808609532$z(OCoLC)817809897$z(OCoLC)819504880$z(OCoLC)961546930$z(OCoLC)962602866 035 $a(OCoLC-P)809047401 035 $a(MaCbMITP)9448 035 $a(Au-PeEL)EBL3339483 035 $a(CaPaEBR)ebr10595604 035 $a(CaONFJC)MIL388707 035 $a(OCoLC)809047401 035 $a(EXLCZ)992670000000237002 100 $a20120904d2012 uy 0 101 0 $aeng 135 $aur|n|---||||| 181 $ctxt 182 $cc 183 $acr 200 14$aThe invention of heterosexual culture /$fLouis-Georges Tin 210 $aCambridge, Mass. $cMIT Press$dİ2012 215 $a1 online resource (210 p.) 300 $aOriginally published by Editions Autrement in 2008 as: L'invention de la culture he?te?rosexuelle. 311 $a0-262-01770-9 320 $aIncludes bibliographical references and index. 327 $aContents; Preface; Part I Chivalric Opposition to Heterosexual Culture; 1 The Middle Ages: From a Homosocial to a Heterosexual Culture; 2 The Renaissance: The Continuing Conflict between Homosocial Tradition and Heterosexual Culture; 3 The Seventeenth Century: The Triumph of Heterosexual Cultureover Chivalric Opposition; Part II Ecclesiastical Opposition to Heterosexual Culture; 4 The Medieval Church versus the Heterosexual Couple; 5 The Renaissance: The Enduring Conflict between the Church and Heterosexual Culture 327 $a6 The Seventeenth Century: The Triumph of Heterosexual Culture over Ecclesiastical Opposition7 The Twentieth Century: The Last Traces of Clerical Opposition; Part III Medical Opposition to Heterosexual Culture; 8 Heterosexual Love and Medieval and Renaissance Medicine; 9 The Seventeenth Century: From Lovesickness to Curative Love; 10 The Twentieth Century: The Last Traces of Medical Opposition; Conclusion; Notes; Select Bibliography; About the Author; Index 330 $aThe rise of heterosexual culture and the resistance it met from feudal lords, church fathers, and the medical profession. 606 $aHeterosexuality$xHistory 610 $aCULTURAL STUDIES/General 615 0$aHeterosexuality$xHistory. 676 $a306.76/4 700 $aTin$b Louis-Georges$01505499 801 0$bOCoLC-P 801 1$bOCoLC-P 906 $aBOOK 912 $a9910785547403321 996 $aThe invention of heterosexual culture$93735082 997 $aUNINA